Statistics for Moldova in the Eurovision Song Contest

Click here to take the quiz!

General Stats

  • This quiz has been taken 40 times
    (10 since last reset)
  • The average score is 14 of 20

Answer Stats

YearPlaceSongArtist(s)% Correct
202413 (SF)In the MiddleNatalia Barbu
100%
200710FightNatalia Barbu
100%
200620LocaArsenium feat. Natalia Gordienko and Connect-R
86%
202113SugarNatalia Gordienko
86%
2020-PrisonNatalia Gordienko
86%
201112So LuckyZdob și Zdub
86%
20056Boonika bate dobaZdob și Zdub
86%
20227TrenulețulZdob și Zdub and Frații Advahov
86%
201810My Lucky DayDoReDoS
71%
200914Hora din MoldovaNelly Ciobanu
71%
202318Soarele și lunaPasha Parfeny
71%
201211LăutarPasha Parfeny
71%
20173Hey, Mamma!SunStroke Project
71%
201022Run AwaySunStroke Project and Olia Tira
71%
201311O mieAliona Moon
57%
201912 (SF)StayAnna Odobescu
57%
201617 (SF)Falling StarsLidia Isac
57%
201416 (SF)Wild SoulCristina Scarlat
43%
201511 (SF)I Want Your LoveEduard Romanyuta
43%
200812 (SF)A Century of LoveGeta Burlacu
29%

Score Distribution

Percentile by Number Answered

Percent of People with Each Score

Your Score History

You have not taken this quiz since the last reset